Normal view MARC view

Entry Meeting Name

Number of records used in: 2

001 - CONTROL NUMBER

  • control field: 34994

003 - CONTROL NUMBER IDENTIFIER

  • control field: dpl

005 - DATE AND TIME OF LATEST TRANSACTION

  • control field: 20110928164856.0

008 - FIXED-LENGTH DATA ELEMENTS

  • fixed length control field: 110928|||a|||||| | ||| d

040 ## - CATALOGING SOURCE

  • Original cataloging agency: dpl
  • Transcribing agency: dpl

111 ## - HEADING--MEETING NAME

  • Meeting name or jurisdiction name as entry element: Festival of Water
  • Date of meeting: (2004 :
  • Location of meeting: India International Centre)

670 ## - SOURCE DATA FOUND

  • Source citation: Work cat.: (dpl)35207: Festival of Water (2004 : India International Centre), Water culture, politics, and management /, 2010

670 ## - SOURCE DATA FOUND

  • Source citation: Work cat.: (dpl)35207: Festival of Water (2004 : India International Centre), Water culture, politics, and management /, 2010

© Delhi Public Library
Hit Counter
free hit counter